| Поле | Инд. | ПП | Название | Значение |
|---|---|---|---|---|
| Тип записи | a | |||
| Библиографический уровень | b | |||
| 001 | Контрольный номер | RU/IS/BASE/105455985 | ||
| 005 | Дата корректировки | 20200629065932.0 | ||
| 084 | a | Индекс другой классификации/Индекс ББК | 66.1(0)6-231.1 | |
| a | Индекс другой классификации/Индекс ББК | 60.028.131; 66.01 | ||
| 100 | 1_ | a | Автор | Селиванова В. Ю. |
| 245 | a | Заглавие | Национализм - патриотизм: попытка переосмысления понятий | |
| 504 | a | Библиография | Библиогр. ссылки | |
| 650 | a | Основная рубрика | история политических учений | |
| a | Основная рубрика | политика | ||
| a | Основная рубрика | политическая философия (философия политики) | ||
| a | Основная рубрика | политология | ||
| a | Основная рубрика | социальная философия | ||
| a | Основная рубрика | философия | ||
| 653 | a | Ключевые слова | XX век | |
| a | Ключевые слова | национализм | ||
| a | Ключевые слова | национальная идентификация | ||
| a | Ключевые слова | национальная идентичность | ||
| a | Ключевые слова | национальное самосознание | ||
| a | Ключевые слова | патриотизм | ||
| a | Ключевые слова | политические течения | ||
| 773 | t | Заглавие источника | Вестник Московского университета. Серия 18, Социология и политология | |
| d | Дата издания источника | 2003 | ||
| g | Прочая информация | № 1. - С. 88 - 95 | ||
| w | Контрольный № источника | RU/IS/BASE/103733045 | ||
| 901 | t | Тип документа | b |